Random language by sample passage - Statistics

General Stats
  • This quiz has been taken 72 times
  • The average score is 15 of 20
Answer Stats
Passage Language % Correct
I had the story, bit by bit, from various people, and, as generally happens in such cases, each time it was a different story. English
100%
Ho avuto la storia, pezzo per pezzo, da varie persone e, come generalmente accade in questi casi, ogni volta era una storia diversa. Italian
98%
По крупицам я получал эту историю от разных людей, и, как обычно бывает в таких случаях, каждый раз это была другая история. Russian
93%
كانت لدي القصة شيئًا فشيئًا من أشخاص مختلفين ، وكما يحدث عمومًا في مثل هذه الحالات ، كانت في كل مرة قصة مختلفة. Arabic
92%
Jag hade historien, bit för bit, från olika människor, och som vanligt händer i sådana fall, varje gång var det en annan historia. Swedish
86%
Ég hafði söguna, smátt og smátt, frá ýmsum aðilum, og eins og almennt gerist í slíkum tilvikum, í hvert skipti var það önnur saga. Icelandic
85%
いろいろな人から少しずつ話を聞いていましたが、そういう場合によくあることですが、毎回違う話でした。 Japanese
83%
Ik kreeg het verhaal, beetje bij beetje, van verschillende mensen, en, zoals meestal gebeurt in dergelijke gevallen, was het elke keer een ander verhaal. Dutch
81%
Miałem historię, kawałek po kawałku, od różnych ludzi i, jak to zwykle bywa w takich przypadkach, za każdym razem była to inna historia. Polish
81%
Conheci a história, aos poucos, de várias pessoas e, como geralmente acontece nesses casos, cada vez era uma história diferente. Portuguese
81%
Minulla oli tarina vähitellen useilta ihmisiltä, ​​ja kuten yleensä tapahtuu tällaisissa tapauksissa, joka kerta se oli erilainen tarina. Finnish
76%
ฉันได้รับเรื่องราวจากผู้คนต่างๆทีละน้อยและโดยทั่วไปมักจะเกิดขึ้นในกรณีเช่นนี้ทุกครั้งที่เป็นเรื่องราวที่แตกต่างกัน Thai
76%
Am avut povestea, puțin câte puțin, de la diferiți oameni și, așa cum se întâmplă în general în astfel de cazuri, de fiecare dată a fost o poveste diferită. Romanian
68%
Příběh jsem měl kousek po kousku od různých lidí a, jak se v takových případech obecně stává, pokaždé to byl jiný příběh. Czech
64%
Príbeh som mal kúsok po kúsku od rôznych ľudí a ako to v takýchto prípadoch býva, vždy to bol iný príbeh. Slovak
64%
Vaig tenir la història, a poc a poc, de diverses persones i, com sol passar en aquests casos, cada vegada era una història diferent. Catalan
63%
Saya mendapatkan ceritanya, sedikit demi sedikit, dari berbagai orang, dan, seperti yang umumnya terjadi dalam kasus seperti itu, setiap kali ceritanya berbeda. Indonesian
61%
Man bija stāsts, pa mazumam, no dažādiem cilvēkiem, un, kā tas parasti notiek šādos gadījumos, katru reizi tas bija cits stāsts. Latvian
56%
Turėjau istoriją po truputį iš įvairių žmonių, ir, kaip paprastai nutinka tokiais atvejais, kiekvieną kartą tai buvo vis kita istorija. Lithuanian
53%
Məndə müxtəlif insanlardan bir az-az hekayə var idi və ümumiyyətlə belə hallarda olduğu kimi hər dəfə fərqli bir hekayə olurdu. Azerbaijani
51%
No matching quizzes found
Score Distribution
Percent of People with Each Score
Percentile by Number Answered
Your Score History
You have not taken this quiz